Metódy párového porovnávania variant – rozhodovanie z neurčitosti diplomová práca

Gespeichert in:
Bibliographische Detailangaben
1. Verfasser: Lazar, Tomáš
Körperschaft: Fakulta hospodárskej informatiky EU. Katedra aplikovanej informatiky
Weitere Verfasser: Bednár, Peter
Format: Buch
Sprache:Slowakisch
Veröffentlicht: Bratislava 2017
Tags: Tag hinzufügen
Keine Tags, Fügen Sie das erste Tag hinzu!

MARC

LEADER 00000nbm a2200000 4500
001 0232994
005 20180413100021.9
041 0 |a slo 
044 |a SK 
245 1 0 |a Metódy párového porovnávania variant – rozhodovanie z neurčitosti  |b diplomová práca  |c Tomáš Lazar ; školiteľ: Peter Bednár 
264 1 |a Bratislava  |c 2017 
300 |a 86 s. 
100 1 |a Lazar, Tomáš 
700 1 |a Bednár, Peter 
710 2 |a Fakulta hospodárskej informatiky EU. Katedra aplikovanej informatiky